000 00280nam a22001217a 4500
008 171123b xxu||||| |||| 00| 0 eng d
041 _aeng
080 _a338
100 _a53
101 _aMEN
245 _aTHE ANALYSIS OF INFORMATION SYSTEMS
_cMEADOW.CH.T
942 _2udc
_cBK
999 _c38399
_d38399